Fusión, transformación y división de sociedades anónimas, efectos tributarios

Saved in:
Bibliographic Details
Main Author: Hernández Adasme, Ricardo (Author)
Format: Book
Language:Spanish
Published: Santiago La Ley 2000
Subjects:
Tags: Add Tag
No Tags, Be the first to tag this record!

MARC

LEADER 00000nam a2200000 a 4500
001 UCM5313
003 CL-VaPUC
008 021003e20002000CL |||||||||||||||||spa|d
082 0 4 |a 343.8304  |b HER  |2 21 
100 |a Hernández Adasme, Ricardo  |e author  |9 767147 
245 1 0 |a Fusión, transformación y división de sociedades anónimas, efectos tributarios 
300 |a 291 p 
942 |c BK 
945 |d 20021003 00:00:00  |a vberengu 
260 |a Santiago  |b La Ley  |c 2000 
650 0 |a Derecho tributario  |9 258895 
650 0 |a Sociedades anónimas  |9 255387 
583 |a last modification  |c 20021003 00:00:00  |k Rodrigo Vera 
999 |c 301448  |d 301446 
952 |0 0  |1 0  |4 0  |6 343_830400000000000_HER_2000  |7 0  |8 A  |9 360432  |a BIBDER  |b BIBDER  |d 2019-11-21  |i 3828433  |o 343.8304 HER 2000  |p 3828433  |r 2023-01-25  |w 2019-11-21  |y BK  |k DER